书目信息 |
| 题名: |
实用电工技术问答2000题
|
|
| 作者: | ;包头供电局《实用电工技术问答》编写组 编 | |
| 分册: | 上册 | |
| 出版信息: | 呼和浩特 内蒙古人民出版社 1982 |
|
| 页数: | 1册 | |
| 开本: | 19cm | |
| 丛书名: | ||
| 单 册: | ||
| 中图分类: | TM-44 | |
| 科图分类: | ||
| 主题词: | 电工技术 | |
| 电子资源: | ||
| ISBN: | ||
| 000 | 00889nam0 2200241 45 | |
| 001 | 0182011029 | |
| 005 | 20060601084408.45 | |
| 010 | @dCNY2.00 | |
| 091 | @a15089.51 | |
| 100 | @a19950515d1982 em y0chiy0121 ea | |
| 101 | 0 | @achi |
| 102 | @aCN@b150000 | |
| 105 | @ay z 000yy | |
| 200 | 10 | @a实用电工技术问答2000题@Ashi yong dian gong ji shu wen da2000 ti@h上册@f包头供电局《实用电工技术问答》编写组编@Fbao tou gong dian ju《shi yong dian gong ji shu wen da》bian xie zu bian |
| 210 | @a呼和浩特@c内蒙古人民出版社@d1982 | |
| 215 | @a1册@d19cm | |
| 517 | 1 | @a电工技术问答2000题@Adian gong ji shu wen da 2000 ti |
| 606 | 0 | @a电工技术 |
| 690 | @aTM-44 | |
| 711 | 02 | @a包头供电局《实用电工技术问答》编写组@Abao tou gong dian ju《 shi yong dian gong ji shu wen da》 bian xie zu@4编 |
| 801 | 2 | @aCN@bNLC@c20060601 |
| 801 | 0 | @aCN@b上海图书馆@c20040521 |
| 905 | @f1@b97413@dTM-44@e26:1 | |
| 实用电工技术问答2000题.上册/包头供电局《实用电工技术问答》编写组编.-呼和浩特:内蒙古人民出版社,1982 |
| 1册;19cm |
| ISBN :CNY2.00 |
| ● |
| 相关链接 |
|
|
|
|
正题名:实用电工技术问答2000题
索取号:TM-44/26:1
 
预约/预借
| 序号 | 登录号 | 条形码 | 馆藏地/架位号 | 状态 | 备注 |
| 1 | 0420136 | 204201363 | 密集书库/ [索取号:TM-44/26:1] | 在馆 |